000 01163nam a2200301 4500
003 EG-GICUC
005 20260121101446.0
008 251209s1999 ua ||||fr|||| 000 0 ara d
040 _a EG-GICUC
_bara
_c EG-GICUC
_d EG-GICUC
_erda
041 0 _aara
082 0 4 _221
_a257.2
_bع ب . ح
092 0 4 _221
099 _aLaw1 01 257.2 ع ب . ح 1999
100 0 _aعبدالفتاح مصطفي الصيفي
_eمؤلف.
245 1 2 _aالحسبة في الإسلام نظاما -فقها - تطبيقا :
_bدراسة عصرية مقارنة /
_cعبدالفتاح مصطفي الصيفي.
264 1 _aالقاهرة :
_bدار النهضة العربية،
_c1999.
300 _a304 صفحة، صفحات غير مرقمة ؛
_c24 سم.
336 _2rda content
_atext
337 _2rda media
_aComputer
338 _2rda carrier
_aOnline Resource
504 _a. 240-220 ببليوجرافيا: صفحات.
546 _aالنص باللغة العربية
650 1 _aالنظام المالي.
_2qrmak
651 1 _2qrmak
856 4 0 _uhttps://fll.law.cu.edu.eg/fulltext/bks/B01-04756.pdf
905 _a62
_eYara
942 _2ddc
_n0
_cBK
_e21
999 _c49433
_d49433